<?xml version="1.0" encoding="UTF-8"?><?xml-stylesheet type="text/xsl" href="static/style.xsl"?><OAI-PMH xmlns="http://www.openarchives.org/OAI/2.0/" xmlns:xsi="http://www.w3.org/2001/XMLSchema-instance" xsi:schemaLocation="http://www.openarchives.org/OAI/2.0/ http://www.openarchives.org/OAI/2.0/OAI-PMH.xsd"><responseDate>2026-04-27T08:03:08Z</responseDate><request verb="GetRecord" identifier="oai:repisalud.isciii.es:20.500.12105/27243" metadataPrefix="marc">https://repisalud.isciii.es/rest/oai/request</request><GetRecord><record><header><identifier>oai:repisalud.isciii.es:20.500.12105/27243</identifier><datestamp>2026-02-20T08:41:43Z</datestamp><setSpec>com_20.500.12105_2173</setSpec><setSpec>com_20.500.12105_2051</setSpec><setSpec>col_20.500.12105_19597</setSpec></header><metadata><record xmlns="http://www.loc.gov/MARC21/slim" xmlns:dcterms="http://purl.org/dc/terms/" xmlns:doc="http://www.lyncode.com/xoai" xmlns:xsi="http://www.w3.org/2001/XMLSchema-instance" xsi:schemaLocation="http://www.loc.gov/MARC21/slim http://www.loc.gov/standards/marcxml/schema/MARC21slim.xsd">
   <leader>00925njm 22002777a 4500</leader>
   <datafield ind2=" " ind1=" " tag="042">
      <subfield code="a">dc</subfield>
   </datafield>
   <datafield ind2=" " ind1=" " tag="720">
      <subfield code="a">García-Silva, Susana</subfield>
      <subfield code="e">author</subfield>
   </datafield>
   <datafield ind2=" " ind1=" " tag="720">
      <subfield code="a">Aranda, Ana</subfield>
      <subfield code="e">author</subfield>
   </datafield>
   <datafield ind2=" " ind1=" " tag="260">
      <subfield code="c">2004-09</subfield>
   </datafield>
   <datafield ind2=" " ind1=" " tag="520">
      <subfield code="a">The thyroid hormone triiodothyronine (T3) has a profound effect on growth, differentiation, and metabolism in higher organisms. Here we demonstrate that T3 inhibits ras-induced proliferation in neuroblastoma cells and blocks induction of cyclin D1 expression by the oncogene. The hormone, at physiological concentrations, strongly antagonizes the transcriptional response mediated by the Ras/mitogen-activated protein kinase/ribosomal-S6 subunit kinase (Rsk) signaling pathway in cells expressing thyroid hormone receptors (TRs). T3 blocks the response to the oncogenic forms of the three ras isoforms (H-, K-, and N-ras) and both TRalpha and TRbeta can mediate this action. The main target for induction of cyclin D1 transcription by oncogenic ras in neuroblastoma cells is a cyclic AMP response element (CRE) located in proximal promoter sequences, and T3 represses the transcriptional activity of b-Zip transcription factors such as CREB (CRE-binding protein) or ATF-2 (activation transcription factor 2) that are direct targets of Rsk2 and bind to this sequence. The hormone also blocks fibroblast transformation by oncogenic ras when TR is expressed. Furthermore, TRs act as suppressors of tumor formation by the oncogene in vivo in nude mice. The TRbeta isoform has stronger antitransforming properties than the alpha isoform and can inhibit tumorigenesis even in hypothyroid mice. These results show the existence of a previously unrecognized transcriptional cross talk between the TRs and the ras oncogene which influences relevant processes such as cell proliferation, transformation, or tumorigenesis.</subfield>
   </datafield>
   <datafield ind1="8" ind2=" " tag="024">
      <subfield code="a">Mol Cell Biol  . 2004 Sep;24(17):7514-23.</subfield>
   </datafield>
   <datafield ind1="8" ind2=" " tag="024">
      <subfield code="a">https://hdl.handle.net/20.500.12105/27243</subfield>
   </datafield>
   <datafield ind1="8" ind2=" " tag="024">
      <subfield code="a">15314161</subfield>
   </datafield>
   <datafield ind1="8" ind2=" " tag="024">
      <subfield code="a">Mol Cell Biol</subfield>
   </datafield>
   <datafield ind1="8" ind2=" " tag="024">
      <subfield code="a">https://pmc.ncbi.nlm.nih.gov/articles/PMC506993/</subfield>
   </datafield>
   <datafield tag="653" ind2=" " ind1=" ">
      <subfield code="a">CROSS-TALK</subfield>
   </datafield>
   <datafield tag="653" ind2=" " ind1=" ">
      <subfield code="a">GENE-EXPRESSION</subfield>
   </datafield>
   <datafield tag="653" ind2=" " ind1=" ">
      <subfield code="a">BINDING-PROTEIN</subfield>
   </datafield>
   <datafield tag="653" ind2=" " ind1=" ">
      <subfield code="a">G(1) PROGRESSION</subfield>
   </datafield>
   <datafield tag="653" ind2=" " ind1=" ">
      <subfield code="a">NF-KAPPA-B</subfield>
   </datafield>
   <datafield tag="653" ind2=" " ind1=" ">
      <subfield code="a">CYCLIN D1</subfield>
   </datafield>
   <datafield tag="653" ind2=" " ind1=" ">
      <subfield code="a">CELL-CYCLE</subfield>
   </datafield>
   <datafield tag="653" ind2=" " ind1=" ">
      <subfield code="a">RESPONSE ELEMENT</subfield>
   </datafield>
   <datafield tag="653" ind2=" " ind1=" ">
      <subfield code="a">BREAST-CANCER</subfield>
   </datafield>
   <datafield tag="653" ind2=" " ind1=" ">
      <subfield code="a">NUCLEAR RECEPTORS</subfield>
   </datafield>
   <datafield ind2="0" ind1="0" tag="245">
      <subfield code="a">The thyroid hormone receptor is a suppressor of ras-mediated transcription, proliferation, and transformation.</subfield>
   </datafield>
</record></metadata></record></GetRecord></OAI-PMH>